Personnages jouables d'Hyrule Warriors : l'ère du fléau - Statistiques

Statistiques générales
  • Ce quiz a été pris 100 fois
    89 depuis la dernière actualisation
  • Le résultat moyen est 17 sur 21
Statistiques - réponses
Description Personnage jouable % Correct
Chevalier d'Hyrule Link
100%
Princesse d'Hyrule Zelda
99%
Héros Goron Daruk
97%
Princesse des Zoras Mipha
97%
Prince des Zoras Sidon
97%
Magistrate adjointe d'Hyrule Impa
94%
Guerrier Piaf Revali
94%
Chef des Gerudos Urbosa
94%
Incarnation du mal et de la rancoeur Ganon, le fléau
93%
Jeune Goron Yunobo
93%
Musicien de la forêt Korogu Noïa
88%
Êtres supérieurs des fontaines Grandes Fées
87%
Jeune chef des Gerudos Riju
87%
Guerrier Piaf Teba
82%
Chef suprême des Yigas Grand Kohga
81%
Chercheurs au laboratoire antique royal (DLC) Pru'ha et Faras
74%
Gardien qui a voyagé dans le temps Terrako
65%
Souverain dressé contre la prophétie Rhoam Bosphoramus
60%
Officier yiga (DLC) Suppa
59%
Relique au pouvoir incommensurable (DLC) Gardien aguerri
56%
Disciple de la déesse Hylia Guide Miz'Kyosia
31%
Aucun quiz correspondant
Distribution des résultats
% des personnes avec chaque résultat
Percentile par nombre de réponses
Votre historique - résultats
Vous n’avez pas pris ce quiz depuis la dernière actualisation